Τα εκπαιδευτικά ψηφιακά παιχνίδια ως εργαλείο μάθησης στα παιδιά του δημοτικού : διπλωματική εργασία [πτυχιακή εργασία]

Αποθηκεύτηκε σε:
Λεπτομέρειες βιβλιογραφικής εγγραφής
Κύριος συγγραφέας: Μαυρίδου, Κορνηλία
Συγγραφή απο Οργανισμό/Αρχή: Πανεπιστήμιο Αιγαίου Σχολή Ανθρωπιστικών Επιστημών Παιδαγωγικό Τμήμα Δημοτικής Εκπαίδευσης
Άλλοι συγγραφείς: Τσολακίδης, Κωνσταντίνος (dgs [Επιβλέπων καθηγητής])
Μορφή: Thesis Βιβλίο
Γλώσσα:Greek
Δημοσίευση: 2015.
Θέματα:
Διαθέσιμο Online:http://hdl.handle.net/11610/5960
Ετικέτες: Προσθήκη ετικέτας
Δεν υπάρχουν, Καταχωρήστε ετικέτα πρώτοι!

MARC

LEADER 00000cam a2200000 a 4500
001 1/107580
008 150720s2015####gr | ||| |||| ||gre||
040 |a GR-MyUa  |b gre  |c GR-MyUa  |e AACR2 
041 0 |a gre 
082 7 |a 371.334   |2 (23) 
100 1 |a Μαυρίδου, Κορνηλία. 
245 1 3 |a Τα εκπαιδευτικά ψηφιακά παιχνίδια ως εργαλείο μάθησης στα παιδιά του δημοτικού :   |b διπλωματική εργασία [πτυχιακή εργασία] /   |c Μαυρίδου Κορνηλία ; επιβλέπων καθηγητής Τσολακίδης Κωνσταντίνος.  
260 |c 2015.  
300 |a 60 σ. :   |b εικ., διάγρ. ;   |c 30 εκ.  
502 # # |a Πτυχιακή εργασία – Πανεπιστήμιο Αιγαίου, Ρόδος, 2015. 
504 |a Βιβλιογραφία: σ. 55-59.  
506 1 |a Πλήρες κείμενο - ελεύθερη δημοσίευση - κλειδωμένη η δυνατότητα αντιγραφής.  
650 0 |a Educational games  |x Software. 
650 0 |a Computer games. 
650 0 |a Computer-assisted instruction  |x Case studies. 
650 0 |a Activity programs in education. 
650 0 |a Education  |x Data processing. 
700 1 |a Τσολακίδης, Κωνσταντίνος,  |e dgs [Επιβλέπων καθηγητής] 
710 2 |a Πανεπιστήμιο Αιγαίου  |b Σχολή Ανθρωπιστικών Επιστημών  |b Παιδαγωγικό Τμήμα Δημοτικής Εκπαίδευσης. 
852 |a INST  |b RHODES  |c DIATR  |e 20150720  |h 371.334 ΜΑΥ  |p 005400037892  |q 005400037892  |t DIE  |y 23 
856 |u http://hdl.handle.net/11610/5960 
924 |a Μαυρίδου   |b Κορνηλία   |y Ρόδος  |z 2015-06  
970 |z 20-07-2015